000 00589nam a2200205Ia 4500
005 20250508163830.0
008 008 250505s9999 xx 000 0 eng d
020 _a81-7341-180-8
037 _aTextual
040 _aFEDL
_beng
_cFEDL
041 _aeng
_2eng
084 _a370.19, RUH
_qFEDL
100 _aRuhela S.P.
_9776474
245 0 _aNew researches in sociology of education
260 _aDelhi, India
_bIndian Publishers , Distributors
_c2001
300 _a234p.
650 _aEducation-Sociology
942 _cTEXL
_h370.19, RUH
999 _c1385500
_d1385500